[Event "Greek Team Championship"]
[Site "chess24.com"]
[Date "2017.07.07"]
[Round "6"]
[White "Papageorgiou, Ioannis"]
[Black "Kokkalis, Vasilios"]
[Result "1/2-1/2"]
[Board "3"]
[WhiteElo "1980"]
[WhiteCountry "GRE"]
[WhiteFideId "4220056"]
[WhiteEloChange "4"]
[BlackElo "2129"]
[BlackCountry "GRE"]
[BlackFideId "4205901"]
[BlackEloChange "-4"]

1. e4 {[%clk 1:30:55]} e5 {[%clk 1:29:21]} 2. Nf3 {[%clk 1:31:01]} Nc6 {[%clk
1:29:46]} 3. Bc4 {[%clk 1:30:50]} Bc5 {[%clk 1:30:11]} 4. c3 {[%clk 1:30:48]} Nf6
{[%clk 1:30:36]} 5. d3 {[%clk 1:31:10]} a6 {[%clk 1:30:17]} 6. a4 {[%clk
1:29:30]} d6 {[%clk 1:29:14]} 7. Nbd2 {[%clk 1:27:30]} O-O {[%clk 1:29:27]} 8.
O-O {[%clk 1:26:51]} Ba7 {[%clk 1:26:32]} 9. b4 {[%clk 1:25:02]} Ne7 {[%clk
1:25:26]} 10. a5 {[%clk 1:23:31]} Ng6 {[%clk 1:25:34]} 11. Bb3 {[%clk 1:19:20]}
d5 {[%clk 1:05:57]} 12. exd5 {[%clk 1:19:20]} Nxd5 {[%clk 1:05:57]} 13. Ne4
{[%clk 1:19:20]} Bf5 {[%clk 1:05:57]} 14. Nfg5 {[%clk 0:57:18]} h6 {[%clk
0:57:48]} 15. Qf3 {[%clk 0:54:48]} Nge7 {[%clk 0:36:43]} 16. Ng3 {[%clk 0:49:56]}
Bg6 {[%clk 0:35:35]} 17. N5e4 {[%clk 0:44:15]} Kh7 {[%clk 0:35:18]} 18. Ne2
{[%clk 0:31:46]} f5 {[%clk 0:32:04]} 19. Nc5 {[%clk 0:26:37]} e4 {[%clk 0:29:46]}
20. dxe4 {[%clk 0:25:02]} fxe4 {[%clk 0:29:45]} 21. Qg3 {[%clk 0:24:45]} Bxc5
{[%clk 0:21:31]} 22. bxc5 {[%clk 0:25:10]} Nf5 {[%clk 0:20:51]} 23. Qe5 {[%clk
0:13:54]} c6 {[%clk 0:20:03]} 24. Bxd5 {[%clk 0:13:19]} Qxd5 {[%clk 0:19:22]} 25.
Qxd5 {[%clk 0:12:02]} cxd5 {[%clk 0:19:51]} 26. Rb1 {[%clk 0:08:52]} Rfc8 {[%clk
0:16:52]} 27. Ba3 {[%clk 0:08:14]} Rc7 {[%clk 0:16:55]} 28. Rb6 {[%clk 0:07:44]}
Ne7 {[%clk 0:09:59]} 29. Nd4 {[%clk 0:04:21]} Nc6 {[%clk 0:05:08]} 30. Nxc6
{[%clk 0:04:22]} bxc6 {[%clk 0:05:33]} 31. Bc1 {[%clk 0:04:06]} Rf8 {[%clk
0:04:34]} 32. Be3 {[%clk 0:04:15]} Bh5 {[%clk 0:03:33]} 33. Re1 {[%clk 0:02:44]}
g5 {[%clk 0:03:02]} 34. Kf1 {[%clk 0:02:54]} Ra8 {[%clk 0:01:42]} 35. Reb1 {[%clk
0:03:06]} Bf7 {[%clk 0:01:45]} 36. Bd4 {[%clk 0:02:14]} e3 {[%clk 0:01:10]} 37.
Rb7 {[%clk 0:01:17]} Ra7 {[%clk 0:01:05]} 38. Rxc7 {[%clk 0:01:40]} Rxc7 {[%clk
0:01:34]} 39. Rb8 {[%clk 0:01:57]} exf2 {[%clk 0:01:20]} 40. Kxf2 {[%clk
0:32:12]} Be6 {[%clk 0:31:20]} 41. Rb6 {[%clk 0:24:15]} Bc8 {[%clk 0:30:06]} 42.
Rb8 {[%clk 0:21:24]} Rf7+ {[%clk 0:20:39]} 43. Kg3 {[%clk 0:21:04]} Bb7 {[%clk
0:15:47]} 44. h4 {[%clk 0:19:43]} Kg6 {[%clk 0:12:38]} 45. Rg8+ {[%clk 0:17:25]}
Kh7 {[%clk 0:12:41]} 46. Rh8+ {[%clk 0:17:43]} Kg6 {[%clk 0:13:09]} 47. hxg5
{[%clk 0:17:17]} hxg5 {[%clk 0:12:17]} 48. Rg8+ {[%clk 0:11:40]} Kh6 {[%clk
0:10:53]} 49. Be3 {[%clk 0:10:38]} Rg7 {[%clk 0:10:56]} 50. Rh8+ {[%clk 0:10:07]}
Kg6 {[%clk 0:10:29]} 51. Kg4 {[%clk 0:09:56]} Rh7 {[%clk 0:10:29]} 52. Rxh7
{[%clk 0:08:19]} Bc8+ {[%clk 0:10:25]} 53. Kg3 {[%clk 0:07:56]} Kxh7 {[%clk
0:10:49]} 54. Bxg5 {[%clk 0:08:19]} Bf5 {[%clk 0:10:50]} 55. Kf4 {[%clk 0:08:06]}
Bd3 {[%clk 0:10:25]} 56. g4 {[%clk 0:08:08]} 1/2-1/2

[Event "Greek Team Championship"]
[Site "chess24.com"]
[Date "2017.07.07"]
[Round "6"]
[White "Deligiannis, Paraskevas"]
[Black "Georgiadis, Alexandros"]
[Result "1-0"]
[Board "4"]
[WhiteElo "2028"]
[WhiteCountry "GRE"]
[WhiteFideId "4240197"]
[WhiteEloChange "8"]
[BlackElo "1947"]
[BlackCountry "GRE"]
[BlackFideId "4206487"]
[BlackEloChange "-8"]

1. c4 {[%clk 1:30:55]} c5 {[%clk 1:30:55]} 2. g3 {[%clk 1:31:15]} Nc6 {[%clk
1:31:20]} 3. Bg2 {[%clk 1:31:41]} g6 {[%clk 1:31:42]} 4. Nc3 {[%clk 1:31:53]} Bg7
{[%clk 1:32:03]} 5. a3 {[%clk 1:31:53]} d6 {[%clk 1:30:41]} 6. Rb1 {[%clk
1:30:37]} a5 {[%clk 1:31:03]} 7. Nh3 {[%clk 1:28:24]} Nf6 {[%clk 1:29:32]} 8. Nf4
{[%clk 1:28:05]} e6 {[%clk 1:29:46]} 9. h4 {[%clk 1:27:11]} h5 {[%clk 1:30:08]}
10. O-O {[%clk 1:24:18]} O-O {[%clk 1:30:33]} 11. b3 {[%clk 1:17:05]} Ng4 {[%clk
1:24:06]} 12. Bb2 {[%clk 1:16:04]} Nh6 {[%clk 1:24:23]} 13. Ne4 {[%clk 1:01:19]}
Nf5 {[%clk 1:24:23]} 14. Bxg7 {[%clk 1:01:19]} Kxg7 {[%clk 1:24:23]} 15. Nd3
{[%clk 1:01:19]} Qc7 {[%clk 1:10:42]} 16. b4 {[%clk 0:55:59]} axb4 {[%clk
1:10:40]} 17. axb4 {[%clk 0:56:27]} cxb4 {[%clk 1:10:53]} 18. Nxb4 {[%clk
0:56:49]} Ne5 {[%clk 1:11:09]} 19. d3 {[%clk 0:56:30]} Bd7 {[%clk 0:58:34]} 20.
Qb3 {[%clk 0:48:19]} Ra5 {[%clk 0:57:29]} 21. Rfc1 {[%clk 0:41:36]} Rfa8 {[%clk
0:55:55]} 22. Qb2 {[%clk 0:39:28]} Qb6 {[%clk 0:47:31]} 23. c5 {[%clk 0:31:02]}
Qd8 {[%clk 0:33:50]} 24. f4 {[%clk 0:30:31]} dxc5 {[%clk 0:34:04]} 25. Rxc5
{[%clk 0:24:57]} Rxc5 {[%clk 0:34:01]} 26. Nxc5 {[%clk 0:25:20]} Qb6 {[%clk
0:33:49]} 27. Qxe5+ {[%clk 0:25:38]} f6 {[%clk 0:34:12]} 28. Qc3 {[%clk 0:25:50]}
Rc8 {[%clk 0:24:58]} 29. d4 {[%clk 0:25:43]} Qb5 {[%clk 0:23:03]} 30. Qd3 {[%clk
0:23:06]} Nxd4 {[%clk 0:22:08]} 31. Nxd7 {[%clk 0:18:15]} Rc4 {[%clk 0:19:44]}
32. e3 {[%clk 0:14:03]} Ne2+ {[%clk 0:19:27]} 33. Kh2 {[%clk 0:11:29]} Nc3 {[%clk
0:19:16]} 34. Qd6 {[%clk 0:09:36]} Rc8 {[%clk 0:16:13]} 35. Qe7+ {[%clk 0:09:20]}
Kh6 {[%clk 0:16:10]} 36. Nxf6 {[%clk 0:09:21]} Rh8 {[%clk 0:16:32]} 37. Rc1
{[%clk 0:08:05]} 1-0

[Event "Greek Team Championship"]
[Site "chess24.com"]
[Date "2017.07.07"]
[Round "6"]
[White "Gioutsou, Miranta"]
[Black "Nikolakopoulou, Eleni"]
[Result "1-0"]
[Board "7"]
[WhiteElo "1294"]
[WhiteCountry "GRE"]
[WhiteFideId "25838296"]
[WhiteEloChange "4"]
[BlackElo "1065"]
[BlackCountry "GRE"]
[BlackFideId "25826620"]
[BlackEloChange "-4"]

1. e4 {[%clk 1:30:59]} c5 {[%clk 1:30:55]} 2. Nf3 {[%clk 1:31:23]} d6 {[%clk
1:31:18]} 3. c3 {[%clk 1:31:49]} Nf6 {[%clk 1:31:17]} 4. h3 {[%clk 1:32:12]} Nc6
{[%clk 1:29:11]} 5. Bd3 {[%clk 1:32:31]} g6 {[%clk 1:28:55]} 6. Bc2 {[%clk
1:32:56]} Bg7 {[%clk 1:28:09]} 7. d4 {[%clk 1:33:18]} cxd4 {[%clk 1:28:14]} 8.
cxd4 {[%clk 1:33:41]} e6 {[%clk 1:24:32]} 9. Nc3 {[%clk 1:33:55]} O-O {[%clk
1:23:36]} 10. O-O {[%clk 1:34:18]} Re8 {[%clk 1:20:45]} 11. Re1 {[%clk 1:33:14]}
b6 {[%clk 1:16:52]} 12. Be3 {[%clk 1:30:49]} Bb7 {[%clk 1:16:05]} 13. Qd2 {[%clk
1:29:01]} Nb4 {[%clk 1:13:38]} 14. Bb1 {[%clk 1:28:03]} Nc6 {[%clk 0:58:21]} 15.
a3 {[%clk 1:28:03]} Rc8 {[%clk 0:58:21]} 16. Bh6 {[%clk 1:28:03]} Bh8 {[%clk
0:58:21]} 17. Bc2 {[%clk 1:28:03]} Ne7 {[%clk 0:58:21]} 18. Ba4 {[%clk 1:28:03]}
Bc6 {[%clk 0:58:21]} 19. Bxc6 {[%clk 1:28:03]} Nxc6 {[%clk 0:58:21]} 20. Rac1
{[%clk 1:28:03]} Re7 {[%clk 0:58:21]} 21. Ra1 {[%clk 1:28:03]} Re8 {[%clk
0:58:21]} 22. Rac1 {[%clk 1:23:38]} Re7 {[%clk 0:58:21]} 23. Rc2 {[%clk 1:23:24]}
Rec7 {[%clk 0:58:09]} 24. Nb5 {[%clk 1:22:06]} Re7 {[%clk 0:57:04]} 25. Qc1
{[%clk 1:18:40]} Qd7 {[%clk 0:55:07]} 26. Bg5 {[%clk 1:15:16]} Ree8 {[%clk
0:53:55]} 27. Re3 {[%clk 1:09:19]} a6 {[%clk 0:53:11]} 28. Bxf6 {[%clk 1:08:23]}
Bxf6 {[%clk 0:52:40]} 29. Rec3 {[%clk 1:08:16]} axb5 {[%clk 0:50:28]} 30. Rxc6
{[%clk 1:08:33]} Rxc6 {[%clk 0:50:08]} 31. Rxc6 {[%clk 1:08:54]} Rb8 {[%clk
0:49:46]} 32. Rc7 {[%clk 1:07:39]} Qe8 {[%clk 0:48:04]} 33. Qc6 {[%clk 1:06:36]}
Qxc6 {[%clk 0:46:20]} 34. Rxc6 {[%clk 1:06:47]} Be7 {[%clk 0:45:21]} 35. Rc7
{[%clk 1:06:36]} Bf8 {[%clk 0:45:19]} 36. Ng5 {[%clk 1:05:45]} Bg7 {[%clk
0:44:51]} 37. Nxf7 {[%clk 1:04:53]} Bxd4 {[%clk 0:44:16]} 38. Nxd6 {[%clk
1:04:39]} Bxb2 {[%clk 0:40:22]} 39. Nxb5 {[%clk 1:04:42]} Ra8 {[%clk 0:39:44]}
40. Rc6 {[%clk 1:03:36]} Bxa3 {[%clk 0:39:31]} 41. Rxb6 {[%clk 1:03:07]} Bc5
{[%clk 0:38:05]} 42. Rxe6 {[%clk 1:32:31]} Ra1+ {[%clk 1:08:07]} 43. Kh2 {[%clk
1:32:52]} Bxf2 {[%clk 1:07:44]} 44. Rf6 {[%clk 1:32:15]} Bg1+ {[%clk 1:07:17]}
45. Kg3 {[%clk 1:32:28]} Rb1 {[%clk 1:06:39]} 46. Nd6 {[%clk 1:31:37]} Rb3+
{[%clk 1:06:28]} 47. Rf3 {[%clk 1:31:44]} Rxf3+ {[%clk 1:05:28]} 48. gxf3 {[%clk
1:31:08]} Bc5 {[%clk 1:05:31]} 49. Nc4 {[%clk 1:31:04]} Kf7 {[%clk 1:05:54]} 50.
Kf4 {[%clk 1:31:17]} Kf6 {[%clk 1:03:43]} 51. e5+ {[%clk 1:31:20]} Kf7 {[%clk
1:03:42]} 52. Ke4 {[%clk 1:31:35]} Ke6 {[%clk 1:03:33]} 53. f4 {[%clk 1:31:47]}
Ba7 {[%clk 1:02:06]} 54. Nd6 {[%clk 1:31:21]} Bb8 {[%clk 1:01:13]} 55. Nb5 {[%clk
1:31:43]} h6 {[%clk 1:00:59]} 56. Nd4+ {[%clk 1:31:56]} Ke7 {[%clk 1:00:40]} 57.
Nc6+ {[%clk 1:32:19]} 1-0

[Event "Greek Team Championship"]
[Site "chess24.com"]
[Date "2017.07.07"]
[Round "6"]
[White "Dalianis, Georgios"]
[Black "Bebis, Epaminondas-Alexandros"]
[Result "1-0"]
[Board "8"]
[WhiteElo "1592"]
[WhiteCountry "GRE"]
[WhiteFideId "4271394"]
[WhiteEloChange "8"]
[BlackElo "1514"]
[BlackCountry "GRE"]
[BlackFideId "4262930"]
[BlackEloChange "-8"]

1. e4 {[%clk 1:30:30]} c6 {[%clk 1:30:30]} 2. Nc3 {[%clk 1:30:30]} d5 {[%clk
1:30:30]} 3. Nf3 {[%clk 1:30:30]} Nf6 {[%clk 1:30:30]} 4. e5 {[%clk 1:30:30]} Ne4
{[%clk 1:30:30]} 5. Ne2 {[%clk 1:30:30]} Bg4 {[%clk 1:30:30]} 6. d4 {[%clk
1:30:30]} e6 {[%clk 1:30:30]} 7. h3 {[%clk 1:30:30]} Bxf3 {[%clk 1:30:30]} 8.
gxf3 {[%clk 1:30:30]} Ng5 {[%clk 1:30:30]} 9. Ng3 {[%clk 1:30:30]} f5 {[%clk
1:30:30]} 10. Be2 {[%clk 1:30:30]} Nf7 {[%clk 1:30:30]} 11. c4 {[%clk 1:30:30]}
Be7 {[%clk 1:30:30]} 12. Nh5 {[%clk 1:30:30]} Kf8 {[%clk 1:30:30]} 13. Rg1 {[%clk
1:30:30]} Rg8 {[%clk 1:30:30]} 14. Qb3 {[%clk 1:30:30]} Qd7 {[%clk 1:30:30]} 15.
Bd2 {[%clk 1:30:30]} Nd8 {[%clk 1:30:30]} 16. Rxg7 {[%clk 1:30:30]} Rxg7 {[%clk
1:30:30]} 17. Bh6 {[%clk 1:30:30]} Kf7 {[%clk 1:30:30]} 18. Bxg7 {[%clk 1:30:30]}
dxc4 {[%clk 1:30:30]} 19. Qxc4 {[%clk 1:30:30]} b5 {[%clk 1:30:30]} 20. Qc3
{[%clk 1:30:30]} a5 {[%clk 1:30:30]} 21. Qe3 {[%clk 1:30:30]} c5 {[%clk 1:30:30]}
22. Qh6 {[%clk 1:30:30]} Qxd4 {[%clk 1:30:30]} 23. Qxh7 {[%clk 1:30:30]} Qb4+
{[%clk 1:30:30]} 24. Kf1 {[%clk 1:30:30]} Ke8 {[%clk 1:30:30]} 25. Rd1 {[%clk
1:30:30]} c4 {[%clk 1:30:30]} 26. Qg8+ {[%clk 1:30:30]} Bf8 {[%clk 1:30:30]} 27.
Nf6+ {[%clk 1:30:30]} Ke7 {[%clk 1:30:30]} 1-0

[Event "Greek Team Championship"]
[Site "chess24.com"]
[Date "2017.07.07"]
[Round "6"]
[White "Stefanou, Dimitrios"]
[Black "Gioutsos, Vasileios"]
[Result "1-0"]
[Board "10"]
[WhiteElo "1571"]
[WhiteCountry "GRE"]
[WhiteFideId "25825011"]
[WhiteEloChange "2"]
[BlackElo "1231"]
[BlackCountry "GRE"]
[BlackFideId "25832883"]
[BlackEloChange "-2"]

1. e4 {[%clk 1:30:55]} e5 {[%clk 1:30:45]} 2. Nc3 {[%clk 1:31:13]} Nf6 {[%clk
1:30:32]} 3. Bc4 {[%clk 1:31:18]} Bc5 {[%clk 1:29:55]} 4. d3 {[%clk 1:29:35]} d6
{[%clk 1:29:42]} 5. f4 {[%clk 1:29:16]} Ng4 {[%clk 1:26:24]} 6. f5 {[%clk
1:28:13]} h5 {[%clk 1:22:18]} 7. Nh3 {[%clk 1:21:46]} Qh4+ {[%clk 1:22:00]} 8.
Kf1 {[%clk 1:21:19]} Nf2 {[%clk 1:22:00]} 9. Qe1 {[%clk 0:57:48]} g6 {[%clk
0:59:11]} 10. Na4 {[%clk 0:51:03]} gxf5 {[%clk 0:56:10]} 11. Nxc5 {[%clk
0:51:01]} dxc5 {[%clk 0:56:34]} 12. exf5 {[%clk 0:48:31]} f6 {[%clk 0:56:14]} 13.
Nxf2 {[%clk 0:45:06]} Bxf5 {[%clk 0:56:00]} 14. Be3 {[%clk 0:44:27]} Nd7 {[%clk
0:55:49]} 15. g3 {[%clk 0:44:45]} Bh3+ {[%clk 0:55:10]} 16. Ke2 {[%clk 0:43:21]}
Bg4+ {[%clk 0:54:31]} 17. Kd2 {[%clk 0:43:22]} Bf3 {[%clk 0:54:03]} 18. gxh4
{[%clk 0:43:19]} Bxh1 {[%clk 0:54:20]} 19. Qxh1 {[%clk 0:43:38]} O-O-O {[%clk
0:54:26]} 20. a4 {[%clk 0:41:33]} Nb6 {[%clk 0:54:38]} 21. Be6+ {[%clk 0:41:47]}
1-0

[Event "Greek Team Championship"]
[Site "chess24.com"]
[Date "2017.07.07"]
[Round "6"]
[White "Halkias, Alexandros"]
[Black "Tzamtzis, Konstantinos"]
[Result "1-0"]
[Board "1"]
[WhiteElo "2094"]
[WhiteCountry "GRE"]
[WhiteFideId "4203976"]
[WhiteEloChange "4"]
[BlackElo "1860"]
[BlackCountry "GRE"]
[BlackFideId "4210042"]
[BlackEloChange "-4"]

1. d4 {[%clk 1:30:50]} d5 {[%clk 1:30:52]} 2. Nf3 {[%clk 1:30:45]} Nf6 {[%clk
1:30:54]} 3. c4 {[%clk 1:30:58]} dxc4 {[%clk 1:31:15]} 4. e3 {[%clk 1:31:11]} Bg4
{[%clk 1:31:36]} 5. Bxc4 {[%clk 1:29:48]} e6 {[%clk 1:31:56]} 6. Nc3 {[%clk
1:27:13]} Nc6 {[%clk 1:19:33]} 7. O-O {[%clk 1:17:47]} Bd6 {[%clk 1:19:33]} 8.
Be2 {[%clk 1:05:46]} O-O {[%clk 1:02:35]} 9. Qb3 {[%clk 0:42:48]} a6 {[%clk
1:00:04]} 10. Rd1 {[%clk 0:41:35]} Bf5 {[%clk 0:40:06]} 11. Bd2 {[%clk 0:27:08]}
b5 {[%clk 0:37:20]} 12. a3 {[%clk 0:26:06]} b4 {[%clk 0:30:05]} 13. axb4 {[%clk
0:16:55]} Nxb4 {[%clk 0:30:17]} 14. Ne1 {[%clk 0:10:40]} Rb8 {[%clk 0:25:54]} 15.
Qc4 {[%clk 0:09:32]} Rb6 {[%clk 0:09:57]} 16. Bf3 {[%clk 0:09:33]} Ng4 {[%clk
0:08:37]} 17. g3 {[%clk 0:08:30]} h5 {[%clk 0:04:46]} 18. e4 {[%clk 0:07:40]} Bg6
{[%clk 0:05:10]} 19. Na4 {[%clk 0:06:52]} Rc6 {[%clk 0:05:13]} 20. Qb3 {[%clk
0:06:42]} e5 {[%clk 0:00:31]} 21. d5 {[%clk 0:06:14]} Rc5 {[%clk 0:00:31]} 22.
Bxb4 {[%clk 0:05:57]} Rb5 {[%clk 0:00:53]} 23. Nd3 {[%clk 0:05:41]} a5 {[%clk
0:01:17]} 24. Qc4 {[%clk 0:05:39]} axb4 {[%clk 0:00:46]} 25. Qxb5 {[%clk
0:05:52]} Qf6 {[%clk 0:00:56]} 26. Bxg4 {[%clk 0:04:53]} hxg4 {[%clk 0:01:20]}
27. Nac5 {[%clk 0:05:12]} Qg5 {[%clk 0:00:46]} 28. Qxb4 {[%clk 0:04:15]} Bh5
{[%clk 0:00:38]} 29. Qd2 {[%clk 0:04:31]} Qe7 {[%clk 0:00:54]} 30. b4 {[%clk
0:04:43]} g5 {[%clk 0:01:15]} 31. Ra6 {[%clk 0:04:05]} Bg6 {[%clk 0:01:29]} 32.
Rda1 {[%clk 0:04:02]} Qd8 {[%clk 0:01:26]} 33. Qe2 {[%clk 0:04:12]} Bh5 {[%clk
0:00:56]} 34. Qe3 {[%clk 0:04:26]} Be7 {[%clk 0:00:55]} 35. Nxe5 {[%clk 0:04:10]}
Bf6 {[%clk 0:01:16]} 36. Ncd7 {[%clk 0:03:44]} Bxe5 {[%clk 0:00:48]} 37. Nxe5
{[%clk 0:04:09]} f6 {[%clk 0:00:38]} 38. Nc6 {[%clk 0:04:08]} Qe8 {[%clk
0:00:48]} 39. Nd4 {[%clk 0:04:28]} Qb8 {[%clk 0:00:48]} 40. Ne6 {[%clk 0:34:40]}
Re8 {[%clk 0:31:07]} 41. Qc3 {[%clk 0:34:23]} Bg6 {[%clk 0:27:29]} 42. Qxf6
{[%clk 0:34:32]} 1-0

[Event "Greek Team Championship"]
[Site "chess24.com"]
[Date "2017.07.07"]
[Round "6"]
[White "Koronas, Vasilios"]
[Black "Xilogiannis, Dimitrios"]
[Result "0-1"]
[Board "2"]
[WhiteElo "1777"]
[WhiteCountry "GRE"]
[WhiteFideId "4215397"]
[WhiteEloChange "-6"]
[BlackElo "1909"]
[BlackCountry "GRE"]
[BlackFideId "4239016"]
[BlackEloChange "6"]

1. g3 {[%clk 1:30:30]} Nf6 {[%clk 1:30:30]} 2. Bg2 {[%clk 1:30:30]} d5 {[%clk
1:30:30]} 3. d3 {[%clk 1:30:30]} c6 {[%clk 1:30:30]} 4. Nc3 {[%clk 1:30:30]} e5
{[%clk 1:30:30]} 5. e4 {[%clk 1:30:30]} Bg4 {[%clk 1:30:30]} 6. Nce2 {[%clk
1:30:30]} Be7 {[%clk 1:30:30]} 7. h3 {[%clk 1:30:30]} Bh5 {[%clk 1:30:30]} 8. g4
{[%clk 1:30:30]} Bg6 {[%clk 1:30:30]} 9. Ng3 {[%clk 1:30:30]} dxe4 {[%clk
1:30:30]} 10. dxe4 {[%clk 1:30:30]} O-O {[%clk 1:30:30]} 11. Qe2 {[%clk 1:30:30]}
Nfd7 {[%clk 1:30:30]} 12. Nf3 {[%clk 1:30:30]} Na6 {[%clk 1:30:30]} 13. O-O
{[%clk 1:30:30]} Re8 {[%clk 1:30:30]} 14. Rd1 {[%clk 1:30:30]} Qc7 {[%clk
1:30:30]} 15. h4 {[%clk 1:30:30]} f6 {[%clk 1:30:30]} 16. h5 {[%clk 1:30:30]} Bf7
{[%clk 1:30:30]} 17. Nf5 {[%clk 1:30:30]} Bf8 {[%clk 1:30:30]} 18. N3h4 {[%clk
1:30:30]} Nac5 {[%clk 1:30:30]} 19. g5 {[%clk 1:30:30]} g6 {[%clk 1:30:30]} 20.
Nh6+ {[%clk 1:30:30]} Bxh6 {[%clk 1:30:30]} 21. gxh6 {[%clk 1:30:30]} Nf8 {[%clk
1:30:30]} 22. Kh1 {[%clk 1:30:30]} Nce6 {[%clk 1:30:30]} 23. Rg1 {[%clk 1:30:30]}
Nf4 {[%clk 1:30:30]} 24. Bxf4 {[%clk 1:30:30]} exf4 {[%clk 1:30:30]} 25. Bh3
{[%clk 1:30:30]} g5 {[%clk 1:30:30]} 26. Bf5 {[%clk 1:30:30]} Kh8 {[%clk
1:30:30]} 27. Qg4 {[%clk 1:30:30]} Rad8 {[%clk 1:30:30]} 28. Rg2 {[%clk 1:30:30]}
Nd7 {[%clk 1:30:30]} 29. Nf3 {[%clk 1:30:30]} Ne5 {[%clk 1:30:30]} 30. Qh3 {[%clk
1:30:30]} Nxf3 {[%clk 1:30:30]} 31. Qxf3 {[%clk 1:30:30]} Qe5 {[%clk 1:30:30]}
32. Qa3 {[%clk 1:30:30]} Bxh5 {[%clk 1:30:30]} 33. Rag1 {[%clk 1:30:30]} Qe7
{[%clk 1:30:30]} 34. Qb3 {[%clk 1:30:30]} Bf7 {[%clk 1:30:30]} 35. Qf3 {[%clk
1:30:30]} Rd6 {[%clk 1:30:30]} 36. Qa3 {[%clk 1:30:30]} a6 {[%clk 1:30:30]} 37.
Kh2 {[%clk 1:30:30]} Qe5 {[%clk 1:30:30]} 38. f3 {[%clk 1:30:30]} Be6 {[%clk
1:30:30]} 39. Bxe6 {[%clk 1:30:30]} Qxe6 {[%clk 1:30:30]} 40. Qb4 {[%clk
1:30:30]} Rd7 {[%clk 1:30:30]} 41. Rd2 {[%clk 1:30:30]} Kg8 {[%clk 1:30:30]} 42.
Rgd1 {[%clk 1:30:30]} Red8 {[%clk 1:30:30]} 43. Rd3 {[%clk 1:30:30]} Kf7 {[%clk
1:30:30]} 44. Qa5 {[%clk 1:30:30]} Rxd3 {[%clk 1:30:30]} 45. Rxd3 {[%clk
1:30:30]} Rxd3 {[%clk 1:30:30]} 46. cxd3 {[%clk 1:30:30]} Kg6 {[%clk 1:30:30]}
47. Qc7 {[%clk 1:30:30]} Qf7 {[%clk 1:30:30]} 48. Qc8 {[%clk 1:30:30]} Kxh6
{[%clk 1:30:30]} 49. Qf5 {[%clk 1:30:30]} Qe7 {[%clk 1:30:30]} 50. d4 {[%clk
1:30:30]} Qd6 {[%clk 1:30:30]} 51. d5 {[%clk 1:30:30]} cxd5 {[%clk 1:30:30]} 52.
exd5 {[%clk 1:30:30]} Kg7 {[%clk 1:30:30]} 53. a4 {[%clk 1:30:30]} a5 {[%clk
1:30:30]} 54. Qe4 {[%clk 1:30:30]} b6 {[%clk 1:30:30]} 55. Kh3 {[%clk 1:30:30]}
Qe5 {[%clk 1:30:30]} 56. Qc2 {[%clk 1:30:30]} Qxd5 {[%clk 1:30:30]} 57. Qc7+
{[%clk 1:30:30]} Kg6 {[%clk 1:30:30]} 58. Qxb6 {[%clk 1:30:30]} Qxf3+ {[%clk
1:30:30]} 59. Kh2 {[%clk 1:30:30]} Qg3+ {[%clk 1:30:30]} 60. Kh1 {[%clk 1:30:30]}
f3 {[%clk 1:30:30]} 61. Qg1 {[%clk 1:30:30]} Qxg1+ {[%clk 1:30:30]} 62. Kxg1
{[%clk 1:30:30]} Kf5 {[%clk 1:30:30]} 63. b4 {[%clk 1:30:30]} axb4 {[%clk
1:30:30]} 64. a5 {[%clk 1:30:30]} b3 {[%clk 1:30:30]} 65. a6 {[%clk 1:30:30]} b2
{[%clk 1:30:30]} 0-1

[Event "Greek Team Championship"]
[Site "chess24.com"]
[Date "2017.07.07"]
[Round "6"]
[White "Kivelos, Sotirios"]
[Black "Lagaras, Stylianos"]
[Result "1-0"]
[Board "3"]
[WhiteElo "1903"]
[WhiteCountry "GRE"]
[WhiteFideId "4208374"]
[WhiteEloChange "4"]
[BlackElo "1668"]
[BlackCountry "GRE"]
[BlackFideId "25837788"]
[BlackEloChange "-4"]

1. d4 {[%clk 1:23:14]} Nf6 {[%clk 1:30:48]} 2. c4 {[%clk 1:23:33]} e6 {[%clk
1:31:11]} 3. Nc3 {[%clk 1:23:33]} Bb4 {[%clk 1:29:02]} 4. e3 {[%clk 1:23:59]} O-O
{[%clk 1:28:56]} 5. Ne2 {[%clk 1:24:26]} d5 {[%clk 1:28:19]} 6. a3 {[%clk
1:24:49]} Be7 {[%clk 1:27:56]} 7. Bd2 {[%clk 1:21:36]} c5 {[%clk 1:22:00]} 8.
cxd5 {[%clk 1:20:16]} cxd4 {[%clk 1:21:28]} 9. Nxd4 {[%clk 1:20:39]} Nxd5 {[%clk
1:18:02]} 10. Be2 {[%clk 1:20:59]} Nd7 {[%clk 1:02:23]} 11. Nxd5 {[%clk 1:20:59]}
exd5 {[%clk 1:02:23]} 12. Bf3 {[%clk 1:20:59]} Ne5 {[%clk 1:02:23]} 13. O-O
{[%clk 1:20:59]} Bf6 {[%clk 1:02:23]} 14. Bc3 {[%clk 1:20:59]} Be6 {[%clk
1:02:23]} 15. Qe2 {[%clk 1:12:30]} Qd7 {[%clk 0:59:27]} 16. Rfd1 {[%clk 1:10:09]}
Nxf3+ {[%clk 0:51:15]} 17. gxf3 {[%clk 1:09:40]} Rfe8 {[%clk 0:42:31]} 18. Nb5
{[%clk 1:07:01]} Bxc3 {[%clk 0:39:03]} 19. Nxc3 {[%clk 1:07:23]} Rad8 {[%clk
0:37:30]} 20. Rd4 {[%clk 1:07:22]} Qe7 {[%clk 0:35:43]} 21. Kh1 {[%clk 1:05:43]}
Qg5 {[%clk 0:30:28]} 22. f4 {[%clk 1:05:24]} Qf5 {[%clk 0:28:24]} 23. Rg1 {[%clk
1:01:14]} f6 {[%clk 0:26:08]} 24. Rgd1 {[%clk 0:44:07]} Bf7 {[%clk 0:20:37]} 25.
Qd3 {[%clk 0:42:24]} Qh5 {[%clk 0:17:25]} 26. Qf1 {[%clk 0:42:14]} Be6 {[%clk
0:15:21]} 27. f3 {[%clk 0:39:48]} Bf7 {[%clk 0:14:27]} 28. e4 {[%clk 0:39:31]}
Qh4 {[%clk 0:11:34]} 29. f5 {[%clk 0:37:36]} Qg5 {[%clk 0:10:05]} 30. Qg2 {[%clk
0:35:03]} Qe3 {[%clk 0:09:11]} 31. Rg1 {[%clk 0:32:49]} g6 {[%clk 0:07:51]} 32.
fxg6 {[%clk 0:32:07]} hxg6 {[%clk 0:08:00]} 33. Rxd5 {[%clk 0:29:38]} g5 {[%clk
0:05:30]} 34. Rdd1 {[%clk 0:27:59]} Rxd1 {[%clk 0:04:25]} 35. Rxd1 {[%clk
0:28:23]} Bh5 {[%clk 0:04:26]} 36. Rf1 {[%clk 0:28:38]} Kf7 {[%clk 0:03:57]} 37.
Nd5 {[%clk 0:28:15]} Qd3 {[%clk 0:04:05]} 38. Qh3 {[%clk 0:25:38]} Kg6 {[%clk
0:03:54]} 39. Qf5+ {[%clk 0:22:41]} Kg7 {[%clk 0:02:54]} 40. Qxf6+ {[%clk
0:52:27]} Kh7 {[%clk 0:33:14]} 41. Qf5+ {[%clk 0:52:21]} Kh8 {[%clk 0:33:38]} 42.
Kg1 {[%clk 0:49:37]} Qd4+ {[%clk 0:32:33]} 43. Rf2 {[%clk 0:49:55]} Re5 {[%clk
0:31:49]} 44. Qc8+ {[%clk 0:45:07]} Be8 {[%clk 0:28:15]} 45. Nf6 {[%clk 0:42:43]}
Qa4 {[%clk 0:24:30]} 46. Qc7 {[%clk 0:42:50]} 1-0